Famosos Futbolistas Españoles por Imagen - Estadísticas

Estadísticas generales
  • Esta prueba ha sido intentada 1.679 veces
  • La puntuación promedio es 22 de 25
Estadísticas de respuestas
Imagen Respuesta % Correcto
Iniesta
100%
Gerard Piqué
99%
Iker Casillas
99%
Sergio Ramos
99%
Xavi
99%
Carles Puyol
98%
Pedri
96%
Daniel Carvajal
94%
Sergio Busquets
94%
Fernando Torres
93%
David Villa
91%
Rodri
91%
Xabi Alonso
91%
David de Gea
90%
Isco
88%
Jordi Alba
87%
Pep Guardiola
86%
David Silva
79%
Raúl
77%
Cesc Fàbregas
76%
Diego Costa
76%
Fernando Hierro
74%
Thiago Alcântara
72%
Emilio Butragueño
65%
Alfredo Di Stéfano
64%
No se encontraron pruebas coincidentes
Distribución de puntuación
Porcentaje de gente con cada puntuación
Porcentaje por número respondido
Historial de tus puntuaciones
No has intentado esta prueba.